000
00208nam a22000857a 4500
008
170626b xxu||||| |||| 00| 0 eng d
100
_9
3669
_a
Spence. L
245
_a
The mysteries of Britain
260
_a
Londom
_c
1995
999
_c
7084
_d
7084